000 00602nam a22002297a 4500
003 UA-OsUOA
001 88758
007 ta
008 20121016b un ||||| |||| 00| 0 ukr d
100 _aГоловко А.
090 _a821.161.2
_bГ61
942 _cBK
040 _aUA-OsUOA
_bukr
_cUA-OsUOA
_dUA-OsUOA
245 _aАртем Гармаш
_bроман
300 _a767 с.
955 _a3
041 _aukr
080 _a821.161.2
260 _aК.
_bРад. письменник
_c1971
650 7 _a82 Література. Літературознавство
_2UDC
999 _c375040
_d375040